000 007790000a22001930004500
082 0 4 _aG 266.0092 C3523p
100 1 _aCastillo, José
245 1 0 _aDe pandillero a misionero en la selva africana : un latinoamericano entre los pígmeos Baka / José Castillo
260 _aEl paso, Texas : Casa Bautista de Publicaciones
300 _a175 p.
501 _aRústico
505 0 0 _aMi encuentro con Dios -- el tiempo es de Dios -- Guinea Ecuatorial -- Donde están los pigmeos Baka -- Dios obra en maneras misteriosas
650 1 4 _aMISIONES \ CRISTIANISMO - BIOGRAFIAS \ MISIONEROS - BIOGRAFIAS \ MISIONEROS - pigmeos - BAKA
001 18053
942 _cBK
999 _c44544
_d44544
336 _atexto
_btxt
_2rdacontent
337 _2rdamedia
_asin mediación
_bn
338 _2rdacarrier
_avolumen
_bnc